Statistics for Famous Fictional Mice and Rats

Click here to take the quiz!

General Stats

  • This quiz has been taken 48 times
  • The average score is 12 of 26

Answer Stats

Hint Answer % Correct
Starred in both "Steamboat Willie" and "Fantasia"Mickey Mouse
100%
Disney's most famous female mouseMinnie Mouse
98%
Often in conflict with his adversary, Tom CatJerry Mouse
95%
"The Fastest Mouse in All Mexico"Speedy Gonzales
77%
A mouse ran up the clock in this nursery rhymeHickory Dickory Dock
65%
Superhero mouse who appeared in 80 films from 1942 to 1961Mighty Mouse
60%
One half of the duo starring in a violent show within "The Simpsons"Itchy
56%
He led the rats out of town, then the childrenThe Pied Piper of Hamelin
56%
The Teenage Mutant Ninja Turtles' mentorSplinter
53%
2 genetically enhanced lab mice, one scheming, the other kind but feeblemindedPinky and the Brain
51%
Animatronic character, namesake of chain of family entertainment centersChuck E. Cheese
49%
Disney film about the Rescue Aid Society, an international mouse organizationThe Rescuers
49%
Classic of children's literature by E.B. WhiteStuart Little
47%
Patton Oswalt voices this rat who is interested in cookingRemy
47%
First he searched for his family in "An American Tail", then he went westFievel
47%
British animated secret agent mouse parodying James BondDanger Mouse
35%
Streetwise and sarcastic Muppet rat with a New Jersey accentRizzo the Rat
33%
1972 American horror film about a young boy and his pet ratBen
26%
Featured with his motorcycle in 3 children's novels by Beverly ClearyRalph S. Mouse
21%
Regular character from the Dilbert comic stripRatbert
19%
Trilogy of children's books about mice rendered intelligent by experimentationRats of NIMH
19%
Basil's nemesis in "The Great Mouse Detective", voiced by Vincent PriceProfessor Ratigan
19%
Rat (or is he a vole?) stars along with Mole, Toad, and BadgerWind in the Willows
16%
Comic book mouse who enjoyed flying around the galaxy in his Lunar SchoonerSpace Mouse
9%
Del's pet mouse in "The Green Mile"Mr. Jingles
9%
Rat stars along with Pig, Zebra, Goat, and crocodiles in this comic stripPearls Before Swine
7%

Score Distribution

Percentile by Number Answered

Percent of People with Each Score

Your Score History

You have not taken this quiz